| 000 | 01776cam a2200373 a 4500 | ||
|---|---|---|---|
| 999 |
_c26337 _d26337 |
||
| 001 | 13120795 | ||
| 005 | 20170204091542.0 | ||
| 008 | 030312s2000 nyua bc 101 0 eng d | ||
| 010 | _a 00107299 | ||
| 020 | _a0914407228 | ||
| 035 | _a(OCoLC)ocm45568256 | ||
| 040 |
_aYDM _cYDM _dDLC |
||
| 042 | _alccopycat | ||
| 043 | _an-us--- | ||
| 050 | 0 | 0 |
_aNK4008 _b.C468 2000 |
| 111 | 2 |
_aCeramic National Exhibition _n(30th : _d2000 : _cEverson Museum of Art) |
|
| 245 | 1 | 0 |
_aEverson Ceramic National 2000 : _bthe 30th Ceramic National Exhibition / _corganized by Thomas Piché, Jr. ; with essays by Thomas Piché, Jr. and Justin Clemens. |
| 246 | 3 | 0 | _a30th Ceramic National Exhibition |
| 260 |
_aSyracuse, N.Y. : _bEverson Museum of Art, _cc2000. |
||
| 300 |
_a107 p. : _bcol. ill. ; _c27 cm. |
||
| 500 | _aPublication prepared on the occasion of the exhibition. | ||
| 500 | _aExhibition itinerary: Everson Museum of Art, Syracuse, N.Y., Oct. 6, 2000-Feb. 4, 2001; Samuel P. Harn Museum, Gainesville, Florida, May 27-Aug. 12, 2001; Chicago Cultural Center, Jan. 12-Mar. 17, 2002. | ||
| 504 | _aIncludes bibliographical references and index. | ||
| 650 | 0 |
_aArt pottery, American _y20th century _vExhibitions. |
|
| 650 | 0 |
_aCeramic sculpture, American _y20th century _vExhibitions. |
|
| 700 | 1 | _aPiché, Thomas. | |
| 700 | 1 | _aClemens, Justin. | |
| 710 | 2 | _aEverson Museum of Art. | |
| 710 | 2 | _aSamuel P. Harn Museum of Art. | |
| 710 | 2 | _aChicago Cultural Center. | |
| 942 |
_2lcc _cBOOKS _hNK4008 .C468 2000 |
||